01559nab a2200253uuc4500001000800000005001700008008004100025035001200066040001300078041000800091100003500099245012300134520070800257650001400965650002600979650002001005650001801025650002301043700003901066700003501105700003001140700003601170773009901206135733720240202114257.0140131e20130705 spa  a1357337 ccomduadb aspa10aBarbin, Eduardo Luiz4auteaut10aApexificación del incisivo central con rizogénesis incompleta y pulpa necrótica asociada con lesión periapical3 aDientes inmaduros con pulpa necrótica presentando foramen apical amplio y paredes delgadas y frágiles, se convierten en un desafío para el tratamiento endodóntico. En vista de estas características, es imperativo una apexificación para obtener un sellado apical adecuado. El siguiente caso clínico describe el tratamiento de apexificación a través de curativos a base de hidróxido de calcio, donde se ha logrado éxito en la formación de una barrera apical osteocementaria. Hemos encontrado que la apexificación a través del uso de la terapia recomendada en el incisivo central con formación radicular incompleta y necrosis, llevó una exitosa finalización endodóntica. aIncisivos aHidróxido de calcio aApexificación aRizogénesis aAbsceso periapical10aSposito, Otavio Da Silva4auteaut10aMachado, Jean Wagner4auteaut10aMartos, Josué4auteaut10aDamian, Melissa Feres4auteaut0 tEndodoncia (Barcelona)gVol. 31, No. 03, Jul.-Sep. 2013, p. 146-151w370912x1130-99030112773